000 00379nam a2200133Ia 4500
008 220217s9999||||xx |||||||||||||| ||und||
020 _a81-7853-0-694
082 _a005.13 ESP
100 _aEsposito, Dino
_95355
245 0 _aBuilding web solutions with ASP.NET and ADO.NET
260 _aWP publishers
_bBangalore
_c2002
300 _b599
650 _aPROGRAMMING LANGUAGE
999 _c176270
_d176270